OBSAH PAU V POĽNOHOSPODÁRSKYCH PÔDACH SR

Bibliographic Details
Main Author: Kobza, Jozef, 1952- (Author)
Format: Article
Language:Slovak

MARC

LEADER 00000naa a2200000uu 4500
001 vtls011084965
003 SK-MaSNL
005 20260302105102.0
008 210909|1996 xo |||||||||||||||||slo|
015 |a SNBRA 
035 |a (urnnbn)urn:nbn:sk:snk:ar-a0cln3 
035 |a (uuid)a558b24e-d7f0-4c82-92b0-c024469d7628 
035 |a urn:nbn:sk:snk-aavrj4 
040 |a SNKBUCL  |b slo  |c SNKBUCL  |e AACR2 
041 0 |a slo 
044 |a xo  |c SK 
100 1 |a Kobza, Jozef,  |d 1952-  |4 aut  |9 191017 
245 1 0 |a OBSAH PAU V POĽNOHOSPODÁRSKYCH PÔDACH SR  |c Jozef Kobza 
773 0 |t Zborník z medzinárodnej vedeckej konferencie "Agronomická fakulta a vývoj poľnohospodárstva na Slovensku"  |d Nitra : Vysoká škola poľnohospodárska, 1996  |g S. 92-95  |z 8071372765 
958 |a OND 
958 |a article12 
958 |a chapter 
999 |c 1237341  |d 1239271